000 01030cam a22003137a 4500
003 CHAP
005 20220329142241.0
008 000328d1997 us ab r 00110 spa d
010 _a80576
011 _a81548
035 _a92020
040 _cCHAP
090 _aFolleto 15814
100 0 0 _aSherbinin, Alex de.
_9105642
245 1 3 _aEl agua y la dinámica de la población :
_benfoques locales a un desafío mundial
_c/por Alex de Sherbinin
260 _aWashington, D.C. :
_bPopulation Reference Bureau,
_c1997.
300 _a34 p. :
_bilus. ; gráfs. ; mapa
590 _aBATCH-UPD
_b10
_c20130110
_lUCH01
_h0746
590 _aBATCH-UPD
_b10
_c20130410
_lUCH01
_h0427
590 _aBATCH-UPD
_b10
_c20141001
_lUCH01
_h1312
590 _aCONVERSION
_b10
_c20130109
_lUCH01
_h1345
650 1 4 _aAgua para irrigacion.
_92430
650 1 4 _aAgua potable.
_92442
650 1 4 _aAgua
_xUtilización.
_92401
901 _aBK
905 _aGuadalupe Pinto C.
942 _cFOLL
949 _aFolleto 15814
_bBC
_cFOLL
_d920201
_eTS1
_i92020
_sb
999 _c80576
_d80576